Responses for show #6094 - Thursday, February 24, 2011

2011 Teen Tournament semifinal game 1.

Contestants

Raya Elias-Pushett, a junior from Aventura, Florida

Idrees Kahloon, a junior from Lexington, Kentucky

Brandon Welch, a senior from Grayson, Georgia

Jeopardy! Round responses

ORIGINAL TITLES
21st CENTURY HITMAKERS
U.S. HISTORY
COMPUTER GAMES
WEDDINGS
R U "SHR"?
    $200 6
The Hunchback of Notre-Dame

Idrees
    $200 8
Katy Perry

Idrees
    $200 1
the minimum wage

Brandon
    $200 21
(Raya: What is Modern Warfare 2?)
(Brandon: What is World at War?)

Black Ops

BrandonIdreesRaya
    $200 22
the wedding cake

Idrees
    $200 16
a shrink

Brandon
    $400 7
Alice's Adventures in Wonderland

Raya
    $400 12
(Brandon: Who is B.o.B.?)

Bruno Mars

BrandonRaya
    $400 2
San Francisco

Idrees
    $400 23
Halo

Brandon
    $400 27
a bachelor party

Raya
    $400 17
a shrug

Raya
    $600 9
Gulliver's Travels

Idrees
    $600 13
Miley Cyrus

Brandon
    $600 3
Lewis & Clark

Brandon
    $600 24
BioShock

Brandon
    $600 28
a veil

Brandon
    $1,800 18
(Alex: It's fun to find them. You get to deal with it all by yourself. You don't need the signaling device.)
(Raya: [Shaky voice] I know.)
[Laughter]
(Alex: But you can hold on to it as a security blanket.)
(Raya: It's reassuring.)

a shredder

Raya
    $800 10
Treasure Island

Brandon
    $800 14
(Idrees: Who is Fergie?)

The Black Eyed Peas

BrandonIdrees
    $800 4
(Idrees: Who are Adams and Jefferson?)
(Brandon: Who are Adams and Gary?)

Jefferson & Aaron Burr

BrandonIdrees
Triple Stumper
    $800 25
(Idrees: What is World of Warcraft?)

Final Fantasy

BrandonIdrees
    $800 29
the best man

Raya
    $800 19
shroud

Raya
    $1000 11
The Sound and the Fury

Brandon
    $1000 15
Flo Rida

Raya
    $1000 5
Spiro Agnew

Idrees
    $1000 26
Las Vegas

Idrees
    $1000 30
a flower girl

Raya
    $1000 20
a shrew

Brandon

Scores at the first commercial break (after clue 15):

Brandon Idrees Raya
$2,800 $800 $1,800

Scores at the end of the Jeopardy! Round:

Brandon Idrees Raya
$6,200 $1,400 $6,800

Double Jeopardy! Round responses

RIVERS
PERIOD MOVIES
HODGEPODGE
IT'S ALL A MYTH
ANGLAIS-ING THE FRENCH WORD
DESIGN SQUAD NATION
(Alex: And finally, in honor of National Engineers Week, [*]. That's PBS's show which features teen engineers, interestingly enough.)
    $400 17
(Brandon: The Rhône.)
(Idrees: What is the Thames?)

the Seine

BrandonIdreesRaya
    $400 6
a bow & arrow

Idrees
    $400 26
Myspace

Brandon
    $400 1
Hercules

Idrees
    $400 8
the chicken & the egg

Idrees
    $400 7
gravity

Brandon
    $10,000 18
the Thames

Raya
    $800 12
(Brandon: Who is the Duke of Wellington?)

the Duke of Devonshire

Brandon
Triple Stumper
    $800 27
terriers

Raya
    $800 2
goat

Idrees
    $800 11
hate

Brandon
    $800 9
Red Bull

Idrees
    $1200 19
the Colorado

Raya
    $1200 13
the 1950s

Brandon
    $1200 28
(Brandon: What is Inuit?)

Swedish

Brandon
Triple Stumper
    $1200 3
(Idrees: Who is Amun-Ra?)

Ra

BrandonIdrees
    $1200 23
the Strait

Brandon
    $1200 10
a greenhouse

Raya
    $1600 20
the Orinoco

Raya
    $1600 14
Year One

Brandon
    $1600 29
Converse

Brandon
    $7,400 4
man

Brandon
    $1600 24
lunch

Brandon
    $1600 16
plasma

Raya
    $2000 21
(Brandon: What is... the... Congo River?)

the Zambezi

BrandonIdrees
    $2000 15
Orson Welles

Idrees
    $2000 30
(Brandon: 5,000?)

6

BrandonIdrees
    $2000 5
(Idrees: What is Valhalla?)

Asgard

BrandonIdrees
    $2000 25
kiss

Brandon
    $2000 22
bellows

Raya

Scores at the end of the Double Jeopardy! Round:

Brandon Idrees Raya
$21,200 $6,600 $25,600

[wagering suggestions for these scores]

Final Jeopardy! Round responses

THE 7 WONDERS OF THE ANCIENT WORLD
IdreesWhat is the Colossus of Rhodes?
$6,600
BrandonWhat is the Colossus of Rhodes?
$21,200
RayaWhat is the Colossus of Rhodes?
$19,940
the Statue of Zeus at Olympia

Final scores:

Brandon Idrees Raya
$0 $0 $5,660
2nd place: $10,000 3rd place: $10,000 Finalist

Game dynamics:

Coryat scores:

Brandon Idrees Raya
$15,400 $6,600 $15,200
24 R
(including 1 DD),
8 W
16 R,
6 W
17 R
(including 2 DDs),
1 W

Combined Coryat: $37,200

The J! Archive is created by fans, for fans. The Jeopardy! game show and all elements thereof, including but not limited to copyright and trademark thereto, are the property of Jeopardy Productions, Inc. and are protected under law. This website is not affiliated with, sponsored by, or operated by Jeopardy Productions, Inc. Join the discussion at JBoard.tv.